<?xml version="1.0" encoding="UTF-8"?>
<collection xmlns="http://www.loc.gov/MARC21/slim">
<record>
  <controlfield tag="001">110389</controlfield>
  <controlfield tag="005">20220210105304.0</controlfield>
  <datafield tag="037" ind1=" " ind2=" ">
    <subfield code="a">TAZ-TFG-2021-2511</subfield>
  </datafield>
  <datafield tag="041" ind1=" " ind2=" ">
    <subfield code="a">spa</subfield>
  </datafield>
  <datafield tag="100" ind1="1" ind2=" ">
    <subfield code="a">Trigo Barriopedro, Guillermo</subfield>
  </datafield>
  <datafield tag="242" ind1="0" ind2="0">
    <subfield code="a">Analysing the relationship between environmental impact and economic development in Norway: Econometric model for CAK contrast</subfield>
  </datafield>
  <datafield tag="245" ind1="0" ind2="0">
    <subfield code="a">Análisis de la relación entre impacto medioambiental y desarrollo económico en Noruega: Modelo econométrico para contraste de la CAK</subfield>
  </datafield>
  <datafield tag="260" ind1=" " ind2=" ">
    <subfield code="a">Zaragoza</subfield>
    <subfield code="b">Universidad de Zaragoza</subfield>
    <subfield code="c">2021</subfield>
  </datafield>
  <datafield tag="506" ind1=" " ind2=" ">
    <subfield code="a">by-nc-sa</subfield>
    <subfield code="b">Creative Commons</subfield>
    <subfield code="c">3.0</subfield>
    <subfield code="u">http://creativecommons.org/licenses/by-nc-sa/3.0/</subfield>
  </datafield>
  <datafield tag="520" ind1=" " ind2=" ">
    <subfield code="a">El cambio climático y la saturación actual global de contaminantes en la atmósfera ha llegado a unos niveles críticos en nuestro planeta. La existente relación entre desarrollo económico y degradación ambiental ha promovido la realización de numerosos estudios acerca de estas dos variables. Por ello, en este trabajo se trata de contrastar uno de los estudios más relevantes de este ámbito acerca de la Curva Ambiental de Kuznets y su relación con el país de Noruega.&lt;br />El trabajo ha consistido en la estimación inicial de un modelo general que incluyera variables directamente relacionadas y representativas de los dos aspectos fundamentales del estudio, contaminación ambiental y desarrollo económico. Sobre esta base del modelo se ha depurado y optimizado mediante modificaciones para encontrar el modelo idóneo que explique el caso de estudio. &lt;br />Con la especificación del modelo econométrico se ha podido contrastar que Noruega cumple la hipótesis de la CAK y, por tanto, la relación entre degradación ambiental y desarrollo económico sigue una representación gráfica en forma de U invertida.   &lt;br />Esto se debe a que el segundo rango temporal analizado en un primer modelo con la introducción de una variable dummy debido a un cambio estructural se representa gráficamente en forma de N invertida. Separando el modelo inicial en dos rangos muestrales diferentes debido al cambio estructural, se concluye en el modelo referido al periodo anteriormente nombrado, una representación gráfica en forma de U invertida que se confirma con la N invertida hallada en el modelo anterior. &lt;br />Para la realización del trabajo se ha utilizado una base de datos del Banco Mundial y la plataforma econométrica Gretl.&lt;br />&lt;br /></subfield>
  </datafield>
  <datafield tag="521" ind1=" " ind2=" ">
    <subfield code="a">Graduado en Marketing e Investigación de Mercados</subfield>
  </datafield>
  <datafield tag="540" ind1=" " ind2=" ">
    <subfield code="a">Derechos regulados por licencia Creative Commons</subfield>
  </datafield>
  <datafield tag="700" ind1=" " ind2=" ">
    <subfield code="a">Atwi Saab, Majed</subfield>
    <subfield code="e">dir.</subfield>
  </datafield>
  <datafield tag="710" ind1="2" ind2=" ">
    <subfield code="a">Universidad de Zaragoza</subfield>
    <subfield code="b">Análisis Económico</subfield>
    <subfield code="c">Fundamentos del Análisis Económico</subfield>
  </datafield>
  <datafield tag="856" ind1="0" ind2=" ">
    <subfield code="f">719946@unizar.es</subfield>
  </datafield>
  <datafield tag="856" ind1="4" ind2=" ">
    <subfield code="s">1750245</subfield>
    <subfield code="u">http://zaguan.unizar.es/record/110389/files/TAZ-TFG-2021-2511.pdf</subfield>
    <subfield code="y">Memoria (spa)</subfield>
  </datafield>
  <datafield tag="909" ind1="C" ind2="O">
    <subfield code="o">oai:zaguan.unizar.es:110389</subfield>
    <subfield code="p">driver</subfield>
    <subfield code="p">trabajos-fin-grado</subfield>
  </datafield>
  <datafield tag="950" ind1=" " ind2=" ">
    <subfield code="a"></subfield>
  </datafield>
  <datafield tag="980" ind1=" " ind2=" ">
    <subfield code="a">TAZ</subfield>
    <subfield code="b">TFG</subfield>
    <subfield code="c">ECON</subfield>
  </datafield>
  <datafield tag="999" ind1=" " ind2=" ">
    <subfield code="a">20210623232126.CREATION_DATE</subfield>
  </datafield>
  <datafield tag="951" ind1=" " ind2=" ">
    <subfield code="a">deposita:2022-02-10</subfield>
  </datafield>
</record>
</collection>